Sổ tay địa danh nước ngoài
שמור ב:
| מחבר ראשי: | |
|---|---|
| פורמט: | ספר |
| שפה: | Undetermined |
| יצא לאור: |
Hà Nội
Giáo Dục
2000
|
| נושאים: | |
| תגים: |
הוספת תג
אין תגיות, היה/י הראשונ/ה לתייג את הרשומה!
|
| Thư viện lưu trữ: | Trung tâm Học liệu Trường Đại học Cần Thơ |
|---|
| LEADER | 00476nam a2200169Ia 4500 | ||
|---|---|---|---|
| 001 | CTU_47469 | ||
| 008 | 210402s9999 xx 000 0 und d | ||
| 082 | |a 910.3 | ||
| 082 | |b D557 | ||
| 100 | |a Nguyễn Dược | ||
| 245 | 0 | |a Sổ tay địa danh nước ngoài | |
| 245 | 0 | |c Nguyễn Dược | |
| 260 | |a Hà Nội | ||
| 260 | |b Giáo Dục | ||
| 260 | |c 2000 | ||
| 650 | |a names, geographical | ||
| 980 | |a Trung tâm Học liệu Trường Đại học Cần Thơ | ||